| 000 | 00926nam a22002177a 4500 | ||
|---|---|---|---|
| 999 |
_c7924 _d7924 |
||
| 003 | AR-CdUCM | ||
| 008 | 190321b ||||| |||| 00| 0 spa d | ||
| 040 |
_aMUNICIPALIDAD PROVINCIAL DEL CUSCO _cBIBLIOTECA MUNICIPAL DEL CUSCO |
||
| 082 |
_a661 / _bSE31 |
||
| 100 |
_aSeaborg. T Glenn _922395 |
||
| 245 | _aElementos Transuranicos Artificiales / | ||
| 260 |
_aMéxico : _bUnion Tipografica Editorial Hispano Americana , _c1966. |
||
| 300 |
_a206 páginas ; _c17.5 cm. |
||
| 440 |
_aManuales UTEHA _n320 _922396 |
||
| 505 | _aContenido : Introduccion -- Descubrimiento de los elementos trasuránicos -- Posicion en la tabla periodica -- Metodos quimicos experimentales de investigacion -- Futuros elementos trasuránicos -- Aplicación de los elementos Transuránicos... | ||
| 650 |
_aTrasuranicos _922397 |
||
| 650 |
_aQuimica Industrial _918719 |
||
| 650 |
_aIndustrializacion _91455 |
||
| 942 |
_2ddc _cLIBROS |
||
| 945 | _artm | ||